[Event "Berlin-ch Seniors op 31st"]
[Site "Berlin"]
[Date "2015.01.30"]
[Round "2"]
[White "Albinus, Guenter"]
[Black "Federau, Juergen"]
[Result "1/2-1/2"]
[WhiteElo "1818"]
[BlackElo "2052"]
[PlyCount "150"]
[EventDate "2015.01.29"]
[EventType "swiss"]
[EventRounds "9"]
[EventCountry "GER"]
[SourceTitle "EXT 2018"]
[Source "ChessBase"]
[SourceDate "2017.10.13"]
[SourceVersion "1"]
[SourceVersionDate "2017.10.13"]
[SourceQuality "1"]

1. Nf3 c5 2. b3 Nc6 3. Bb2 d6 4. e3 e5 5. d3 Nf6 6. Be2 Be7 7. 0-0 0-0 8. Nbd2 h6 9. c4 Bf5 10. Qc2 Nb4 11. Qb1 Re8 12. Rd1 Bf8 13. a3 Nc6 14. Ne4 Nd7 15. Rd2 Nb6 16. Qd1 Bh7 17. Ng3 Qc7 18. Ne1 Rad8 19. Rc1 Qb8 20. Bg4 g6 21. f4 exf4 22. exf4 f5 23. Bf3 d5 24. Ne2 d4 25. g3 Bg7 26. Nc2 a5 27. Qf1 Qc7 28. Re1 Nc8 29. Nc1 Kf8 30. Ree2 Bg8 31. Na2 Bf7 32. Bc1 Rxe2 33. Rxe2 Re8 34. Bd2 Rxe2 35. Qxe2 b6 36. Kf2 Bf6 37. h4 N8a7 38. Nc1 Qe7 39. Qxe7+ Kxe7 40. Ne2 Kd6 41. b4 axb4 42. axb4 b5 43. cxb5 Nxb5 44. bxc5+ Kxc5 45. Bxc6 Kxc6 46. Bb4 Bg7 47. Nc1 Nc3 48. Ne2 Nb5 49. Nc1 Kd5 50. Kf3 Nc7 51. Nb3 Be8 52. Ba5 Ne6 53. Bd2 Ba4 54. Nb4+ Kd6 55. Nc1 Nc5 56. Ke2 Ne6 57. Ke1 Nc7 58. Ke2 Kc5 59. Nba2 Nd5 60. Ba5 Kb5 61. Bd2 Bc2 62. Be1 Bf8 63. Bf2 Bg7 64. Kd2 Ba4 65. Ne2 Kc5 66. Nac3 Nxc3 67. Nxc3 Bc6 68. Kc2 Kd6 69. Ne2 Ba4+ 70. Kd2 Kd5 71. Ng1 Bf6 72. Nf3 Kc5 73. Ke2 Bc6 74. Be1 Bb5 75. Bd2 Bc6 1/2-1/2

[Event "Berlin Lichtenberger op 13th"]
[Site "Berlin"]
[Date "2014.08.23"]
[Round "8"]
[White "Albinus, Guenter"]
[Black "Scholta, Danilo"]
[Result "1-0"]
[WhiteElo "1877"]
[BlackElo "1761"]
[PlyCount "85"]
[EventDate "2014.08.16"]
[EventType "swiss"]
[EventRounds "9"]
[EventCountry "GER"]
[SourceTitle "CBM 161 Extra"]
[Source "ChessBase"]
[SourceDate "2014.08.29"]
[SourceVersion "1"]
[SourceVersionDate "2014.08.29"]
[SourceQuality "1"]

1. Nf3 d5 2. b3 f5 3. Bb2 e6 4. g3 Nf6 5. Bg2 Nbd7 6. d3 b6 7. Nd4 Nb8 8. 0-0 c5 9. Nf3 Bd6 10. Nfd2 Bb7 11. e4 fxe4 12. dxe4 e5 13. exd5 Nbd7 14. Ne4 Qe7 15. Nxd6+ Qxd6 16. c4 0-0-0 17. Nc3 h5 18. Bh3 Kb8 19. Qe2 a6 20. a4 g5 21. Bf5 g4 22. Rae1 Rde8 23. Ne4 Qf8 24. Nxf6 Nxf6 25. Bxe5+ Ka8 26. Qb2 Rh6 27. Bf4 Rxe1 28. Rxe1 Nxd5 29. Bxh6 Qxf5 30. Qe5 Qf3 31. cxd5 Bxd5 32. Qe8+ Ka7 33. Re7+ Bb7 34. Rxb7+ Kxb7 35. Qe7+ Ka8 36. Qf8+ Kb7 37. Qxf3+ gxf3 38. Kf1 Kc6 39. Ke1 Kd5 40. Kd2 c4 41. Be3 b5 42. axb5 axb5 43. Kc3 1-0

[Event "Berlin Lichtenberger op 13th"]
[Site "Berlin"]
[Date "2014.08.21"]
[Round "6"]
[White "Albinus, Guenter"]
[Black "Sabrowski, Uwe"]
[Result "0-1"]
[WhiteElo "1877"]
[BlackElo "2097"]
[PlyCount "86"]
[EventDate "2014.08.16"]
[EventType "swiss"]
[EventRounds "9"]
[EventCountry "GER"]
[SourceTitle "CBM 161 Extra"]
[Source "ChessBase"]
[SourceDate "2014.08.29"]
[SourceVersion "1"]
[SourceVersionDate "2014.08.29"]
[SourceQuality "1"]

1. Nf3 g6 2. d4 Bg7 3. c3 f5 4. Bf4 d6 5. e3 Nf6 6. Qb3 e6 7. Bc4 Qe7 8. h3 Ne4 9. Nbd2 0-0 10. Bd3 Nf6 11. 0-0 Kh8 12. Bh2 Nc6 13. e4 e5 14. dxe5 dxe5 15. exf5 gxf5 16. Bb5 e4 17. Bxc6 bxc6 18. Ne5 Be6 19. Qa4 Rad8 20. Ndc4 Bd5 21. Na5 Nh5 22. Nexc6 Qg5 23. Nb4 f4 24. Qc2 Be6 25. Nac6 f3 26. g3 Rd2 27. Qxe4 Nf4 28. h4 Nh3+ 29. Kh1 Qh6 30. Qe3 Nxf2+ 31. Qxf2 Rxf2 32. Rxf2 a5 33. Nxa5 Bh3 34. Nb3 Bg2+ 35. Kg1 Qe3 36. Nd5 Qe4 37. Nf4 Re8 38. Nd2 Qb7 39. Rb1 Bxc3 40. Nxg2 Bd4 41. Nxf3 Qxf3 42. Rbf1 Re2 43. Ne1 Rxe1 0-1

[Event "Berlin Lichtenberger op 13th"]
[Site "Berlin"]
[Date "2014.08.19"]
[Round "4"]
[White "Albinus, Guenter"]
[Black "Schulz, Wolfgang"]
[Result "1/2-1/2"]
[WhiteElo "1877"]
[BlackElo "2074"]
[PlyCount "143"]
[EventDate "2014.08.16"]
[EventType "swiss"]
[EventRounds "9"]
[EventCountry "GER"]
[SourceTitle "CBM 161 Extra"]
[Source "ChessBase"]
[SourceDate "2014.08.29"]
[SourceVersion "1"]
[SourceVersionDate "2014.08.29"]
[SourceQuality "1"]

1. Nf3 g6 2. d4 Bg7 3. c3 d6 4. Bf4 Nd7 5. Nbd2 e5 6. dxe5 dxe5 7. Bg5 Ngf6 8. e4 0-0 9. Bc4 h6 10. Bh4 c6 11. h3 Qc7 12. Bg3 Nh5 13. 0-0 b5 14. Bb3 Nc5 15. Bc2 Nxg3 16. fxg3 a5 17. Qe1 Rd8 18. Qe3 Qa7 19. Nb3 Nxb3 20. Qxa7 Rxa7 21. axb3 Be6 22. Rfd1 Rxd1+ 23. Rxd1 Rd7 24. Ra1 Ra7 25. Rd1 Kf8 26. Kf2 Ke8 27. Ke2 f6 28. g4 Bf8 29. Nh4 Bf7 30. Nf3 Bc5 31. Nh4 Rd7 32. Nf3 Rxd1 33. Bxd1 Ke7 34. Bc2 Bb6 35. Bd1 Kd6 36. Bc2 b4 37. Nd2 Kc5 38. Bd3 Bd8 39. Bc2 Be6 40. Bd3 Bc8 41. Ke3 Be6 42. Ke2 Be7 43. Bc2 Bf8 44. Bd3 h5 45. gxh5 gxh5 46. Bc2 Bh6 47. Kd1 Bc8 48. Bd3 Be6 49. Bc2 Bxd2 50. Kxd2 h4 51. Ke3 Bf7 52. Kf3 Bh5+ 53. Ke3 Kd6 54. cxb4 axb4 55. Bd3 Bd1 56. Bc4 Bc2 57. Kf3 Ke7 58. Bg8 Kf8 59. Be6 Kg7 60. Bc4 Kh6 61. Bf7 Kg5 62. Be6 Kh6 63. Bf7 f5 64. exf5 Bxf5 65. g4 Bc2 66. Be8 c5 67. Bf7 Kg5 68. Bd5 Bd3 69. Bc4 Bc2 70. Ke3 Bg6 71. Bd5 Bc2 72. Bc4 1/2-1/2

[Event "Berlin Lichtenberger op 13th"]
[Site "Berlin"]
[Date "2014.08.16"]
[Round "1"]
[White "Lippianowski, Stefan"]
[Black "Albinus, Guenter"]
[Result "0-1"]
[WhiteElo "1220"]
[BlackElo "1877"]
[PlyCount "38"]
[EventDate "2014.08.16"]
[EventType "swiss"]
[EventRounds "9"]
[EventCountry "GER"]
[SourceTitle "CBM 161 Extra"]
[Source "ChessBase"]
[SourceDate "2014.08.29"]
[SourceVersion "1"]
[SourceVersionDate "2014.08.29"]
[SourceQuality "1"]

1. e4 c5 2. Bc4 Nc6 3. Nf3 d6 4. Ng5 e6 5. d3 Nf6 6. Nc3 Be7 7. Be3 d5 8. exd5 exd5 9. Bb5 h6 10. Nf3 d4 11. Ne5 Bd7 12. Nxc6 bxc6 13. Ne4 dxe3 14. d4 Nxe4 15. Qf3 Qa5+ 16. c3 exf2+ 17. Kd1 Qxb5 18. Qxe4 f1Q+ 19. Rxf1 Qxf1+ 0-1

[Event "Berlin Werner Ott op"]
[Site "Berlin"]
[Date "2014.07.11"]
[Round "7"]
[White "Faulhaber, Rolf"]
[Black "Albinus, Guenter"]
[Result "1-0"]
[WhiteElo "2068"]
[BlackElo "1884"]
[PlyCount "91"]
[EventDate "2014.07.05"]
[EventType "swiss"]
[EventRounds "9"]
[EventCountry "GER"]
[SourceTitle "CBM 161 Extra"]
[Source "ChessBase"]
[SourceDate "2014.08.29"]
[SourceVersion "1"]
[SourceVersionDate "2014.08.29"]
[SourceQuality "1"]

1. Nf3 Nf6 2. c4 e6 3. g3 d5 4. Bg2 c6 5. 0-0 Bd6 6. d4 0-0 7. Qc2 Nbd7 8. Nbd2 e5 9. cxd5 Nxd5 10. Nc4 Bb8 11. dxe5 h6 12. e4 N5b6 13. Nxb6 axb6 14. e6 fxe6 15. Be3 Qe7 16. Nh4 Qb4 17. a3 Qa4 18. Qd2 Qb3 19. Ng6 Re8 20. Rac1 Kf7 21. Rc3 Qb5 22. Nh4 Be5 23. Bd4 Bxd4 24. Qxd4 Qxb2 25. e5 Kg8 26. Qe3 Ra5 27. f4 Rc5 28. Rb3 Qc2 29. Be4 Qc4 30. Rb4 Qa6 31. Bd3 b5 32. Qe4 Nf8 33. Ng6 Nxg6 34. Qxg6 Bd7 35. f5 exf5 36. Bxf5 Bxf5 37. Qxe8+ Kh7 38. Rxf5 Qxa3 39. Rbf4 Qe3+ 40. Rf2 Qe4 41. Rf8 Rc1+ 42. Rf1 Rxf1+ 43. Rxf1 Qe3+ 44. Kg2 Qe2+ 45. Rf2 Qe4+ 46. Kh3 1-0

[Event "Berlin Lichtenberger op 11th"]
[Site "Berlin"]
[Date "2012.08.19"]
[Round "2"]
[White "Schreiber, Ben Luca"]
[Black "Albinus, Guenter"]
[Result "0-1"]
[WhiteElo "1677"]
[BlackElo "1819"]
[PlyCount "68"]
[EventDate "2012.08.18"]
[EventType "swiss"]
[EventRounds "9"]
[EventCountry "GER"]
[SourceTitle "CBM 150 Extra"]
[Source "ChessBase"]
[SourceDate "2012.10.19"]
[SourceVersion "1"]
[SourceVersionDate "2012.10.19"]
[SourceQuality "1"]

1. d4 Nf6 2. c4 c6 3. Nc3 d5 4. cxd5 cxd5 5. Bg5 e6 6. Nf3 Be7 7. e3 0-0 8. Bd3 b6 9. 0-0 Nbd7 10. Qc2 Bb7 11. Ne5 h6 12. Nxd7 Qxd7 13. Bh4 Rac8 14. Rac1 Ne4 15. Bxe7 Qxe7 16. Bxe4 dxe4 17. Qb1 f5 18. Rc2 Ba6 19. Rd1 Bd3 20. Rxd3 exd3 21. Rd2 f4 22. Qxd3 fxe3 23. Qxe3 Qf6 24. Re2 Kf7 25. Ne4 Qxd4 26. Ng5+ Kg8 27. Qxe6+ Kh8 28. Nf7+ Kh7 29. g3 Rce8 30. Qxe8 Rxe8 31. Rxe8 Qd1+ 32. Kg2 Qd5+ 33. Kg1 Qxf7 34. Re1 Qxa2 0-1

[Event "Berlin Werner Ott op"]
[Site "Berlin"]
[Date "2012.07.09"]
[Round "3"]
[White "Albinus, Guenter"]
[Black "Kurka, Dieter"]
[Result "1/2-1/2"]
[WhiteElo "1801"]
[BlackElo "2123"]
[PlyCount "76"]
[EventDate "2012.07.07"]
[EventType "swiss"]
[EventRounds "9"]
[EventCountry "GER"]
[SourceTitle "CBM 149 Extra"]
[Source "ChessBase"]
[SourceDate "2012.08.24"]
[SourceVersion "1"]
[SourceVersionDate "2012.08.24"]
[SourceQuality "1"]

1. Nf3 d5 2. b3 Nf6 3. Bb2 Bg4 4. e3 Nbd7 5. Be2 e6 6. 0-0 Bd6 7. d4 0-0 8. Nbd2 c6 9. c4 a5 10. Ne1 Bxe2 11. Qxe2 Qb8 12. f4 b5 13. cxb5 Qxb5 14. Qxb5 cxb5 15. Nd3 Rfc8 16. Rfc1 Ng4 17. Nf1 h5 18. Rxc8+ Rxc8 19. Rc1 Rxc1 20. Bxc1 Ngf6 21. Bd2 b4 22. Ng3 g6 23. Ne2 Ne4 24. Be1 Kf8 25. g3 Ndf6 26. h3 Ne8 27. Nf2 N8f6 28. Kg2 Nxf2 29. Kxf2 Ne4+ 30. Kf3 f5 31. h4 Ke8 32. Kg2 Kd7 33. Kf3 Kc6 34. Kg2 Bc7 35. Kf3 Nd6 36. Bd2 Nb5 37. Bc1 Bd6 38. Bb2 Be7 1/2-1/2

[Event "Berlin Lichtenberger op 10th"]
[Site "Berlin"]
[Date "2011.08.19"]
[Round "7"]
[White "Albinus, Guenter"]
[Black "Mertens, Fridolin"]
[Result "0-1"]
[WhiteElo "1825"]
[BlackElo "1993"]
[PlyCount "58"]
[EventDate "2011.08.13"]
[EventType "swiss"]
[EventRounds "9"]
[EventCountry "GER"]
[SourceTitle "CBM 143 Extra"]
[Source "ChessBase"]
[SourceDate "2011.08.29"]
[SourceVersion "1"]
[SourceVersionDate "2011.08.29"]
[SourceQuality "1"]

1. e4 c5 2. Nf3 d6 3. d4 cxd4 4. Nxd4 Nf6 5. Nc3 a6 6. Be2 e5 7. Nb3 Be6 8. 0-0 Be7 9. a4 Nbd7 10. Be3 0-0 11. Bf3 Qc7 12. a5 Rac8 13. Be2 Qc6 14. f3 d5 15. exd5 Nxd5 16. Nxd5 Bxd5 17. c3 Qe6 18. Nd2 Rfd8 19. Qc2 Bc5 20. Bxc5 Nxc5 21. c4 Bc6 22. b4 Qh6 23. f4 Ne6 24. Bg4 Nxf4 25. Rf2 Rc7 26. Ra3 Qd6 27. c5 Qd4 28. Qc4 Nd3 29. Rxd3 Qxd3 0-1

[Event "Berlin Lichtenberger op 10th"]
[Site "Berlin"]
[Date "2011.08.16"]
[Round "4"]
[White "Albinus, Guenter"]
[Black "Yin, Stanley"]
[Result "0-1"]
[WhiteElo "1825"]
[BlackElo "1990"]
[PlyCount "56"]
[EventDate "2011.08.13"]
[EventType "swiss"]
[EventRounds "9"]
[EventCountry "GER"]
[SourceTitle "CBM 143 Extra"]
[Source "ChessBase"]
[SourceDate "2011.08.29"]
[SourceVersion "1"]
[SourceVersionDate "2011.08.29"]
[SourceQuality "1"]

1. Nf3 Nf6 2. b3 d5 3. Bb2 c5 4. e3 a6 5. Be2 Nc6 6. 0-0 Bf5 7. d3 h6 8. Nbd2 e6 9. d4 b5 10. c3 c4 11. a4 Bd6 12. b4 0-0 13. Re1 g5 14. Nf1 Nxb4 15. cxb4 Bxb4 16. Ba3 Bxa3 17. Rxa3 b4 18. Ra2 b3 19. Rb2 Rb8 20. Qc1 Qa5 21. Bxc4 dxc4 22. Qxc4 Rfc8 23. Qe2 Qxa4 24. N3d2 Bc2 25. Nxb3 Bxb3 26. Reb1 Rb5 27. Qf3 Kg7 28. e4 Bd1 0-1

[Event "Berlin-ch Seniors op 27th"]
[Site "Berlin"]
[Date "2011.02.01"]
[Round "4"]
[White "Albinus, Guenter"]
[Black "Moeller, Dirk Halvard"]
[Result "1-0"]
[WhiteElo "1723"]
[BlackElo "1501"]
[PlyCount "69"]
[EventDate "2011.01.29"]
[EventType "swiss"]
[EventRounds "9"]
[EventCountry "GER"]
[SourceTitle "EXT 2012"]
[Source "ChessBase"]
[SourceDate "2011.11.24"]
[SourceVersion "1"]
[SourceVersionDate "2011.11.24"]
[SourceQuality "1"]

1. e4 e5 2. Nf3 Nc6 3. Bb5 a6 4. Ba4 b5 5. Bb3 Nf6 6. 0-0 Bb7 7. Ng5 d5 8. exd5 Nxd5 9. Nxf7 Kxf7 10. Qf3+ Ke6 11. Nc3 Nd4 12. Qg4+ Nf5 13. Re1 c5 14. f4 Bd6 15. Bxd5+ Bxd5 16. Nxd5 h5 17. Qg6+ Kxd5 18. Qxf5 Qf6 19. Qe4+ Ke6 20. d3 Rhe8 21. fxe5 Bxe5 22. Bf4 Kd6 23. Bxe5+ Qxe5 24. Qg6+ Re6 25. Rxe5 Rxg6 26. Rae1 h4 27. h3 Rf8 28. c4 Rgf6 29. b3 b4 30. Re7 g5 31. R7e5 Rg8 32. Rd5+ Kc7 33. Rxc5+ Kb6 34. Rce5 Rd6 35. c5+ 1-0

[Event "Berlin Lichtenberger op 9th"]
[Site "Berlin"]
[Date "2010.08.13"]
[Round "7"]
[White "Albinus, Guenter"]
[Black "Schild, Reinhard"]
[Result "1/2-1/2"]
[WhiteElo "1847"]
[BlackElo "1696"]
[PlyCount "53"]
[EventDate "2010.08.07"]
[EventType "swiss"]
[EventRounds "9"]
[EventCountry "GER"]
[SourceTitle "CBM 137 Extra"]
[Source "ChessBase"]
[SourceDate "2010.09.01"]
[SourceVersion "1"]
[SourceVersionDate "2010.09.01"]
[SourceQuality "1"]

1. e4 c6 2. d4 d5 3. Nc3 dxe4 4. Nxe4 Bf5 5. Ng3 Bg6 6. Nf3 Nd7 7. h4 h6 8. h5 Bh7 9. Bd3 Bxd3 10. Qxd3 e6 11. Bd2 Qc7 12. 0-0-0 Ngf6 13. Rhe1 0-0-0 14. Qb3 Bd6 15. Ne4 Nxe4 16. Rxe4 Rhe8 17. Rde1 Nb6 18. Rh4 Nd7 19. Qa4 Kb8 20. Ba5 b6 21. Bc3 Kb7 22. Ne5 Nxe5 23. dxe5 Bc5 24. Qf4 Be7 25. Rg4 Bg5 26. Rxg5 hxg5 27. Qxg5 1/2-1/2

[Event "Berlin Lichtenberger op 9th"]
[Site "Berlin"]
[Date "2010.08.11"]
[Round "5"]
[White "Albinus, Guenter"]
[Black "Hesselbarth, Karlheinz"]
[Result "0-1"]
[WhiteElo "1847"]
[BlackElo "1848"]
[PlyCount "76"]
[EventDate "2010.08.07"]
[EventType "swiss"]
[EventRounds "9"]
[EventCountry "GER"]
[SourceTitle "CBM 137 Extra"]
[Source "ChessBase"]
[SourceDate "2010.09.01"]
[SourceVersion "1"]
[SourceVersionDate "2010.09.01"]
[SourceQuality "1"]

1. e4 e5 2. Nf3 Nc6 3. Bb5 a6 4. Ba4 d6 5. d4 b5 6. Bb3 Nxd4 7. Nxd4 exd4 8. Bd5 Rb8 9. Qxd4 Bd7 10. Qe3 Nf6 11. Bb3 Be7 12. 0-0 0-0 13. Re1 Re8 14. h3 c5 15. c4 Nxe4 16. cxb5 axb5 17. Qxe4 Bf6 18. Bxf7+ Kxf7 19. Qd5+ Be6 20. Qf3 Kg8 21. Nc3 d5 22. Rd1 Rf8 23. Qe3 Qb6 24. Qg3 Rbd8 25. Bf4 Rd7 26. Be5 b4 27. Na4 Qb5 28. b3 c4 29. Bxf6 Rxf6 30. Rd4 Rdf7 31. Qe3 Qc6 32. Rf1 Bf5 33. f3 Re6 34. Qg5 Rff6 35. Qh4 Re2 36. Rf2 Re1+ 37. Kh2 Qd6+ 38. Qg3 Rh1+ 0-1

[Event "Berlin Lichtenberger op 9th"]
[Site "Berlin"]
[Date "2010.08.11"]
[Round "6"]
[White "Werninghaus, Klaus Peter"]
[Black "Albinus, Guenter"]
[Result "1/2-1/2"]
[WhiteElo "1636"]
[BlackElo "1847"]
[PlyCount "46"]
[EventDate "2010.08.07"]
[EventType "swiss"]
[EventRounds "9"]
[EventCountry "GER"]
[SourceTitle "CBM 137 Extra"]
[Source "ChessBase"]
[SourceDate "2010.09.01"]
[SourceVersion "1"]
[SourceVersionDate "2010.09.01"]
[SourceQuality "1"]

1. c4 Nf6 2. Nc3 e6 3. g3 d5 4. cxd5 exd5 5. d4 c6 6. Bg2 Be7 7. Nf3 h6 8. 0-0 Bf5 9. Nd2 Nbd7 10. e4 dxe4 11. Ndxe4 Be6 12. a3 0-0 13. b4 a5 14. b5 cxb5 15. Nxf6+ Bxf6 16. Bf4 Bc4 17. Re1 Nb6 18. Rb1 Nd5 19. Nxd5 Bxd5 20. Rxb5 Bxg2 21. Kxg2 Re8 22. Be5 Bxe5 23. dxe5 Qc7 1/2-1/2